[Event "POL-chT U20 1st League"]
[Site "Chotowa"]
[Date "2025.06.19"]
[Round "6.10"]
[White "Rajbharath, Harjith"]
[Black "Bilochenko, Matvii"]
[Result "1-0"]
[WhiteElo "1877"]
[BlackElo "2004"]
[PlyCount "79"]
[EventDate "2025.06.14"]
[EventType "team-swiss"]
[EventRounds "9"]
[EventCountry "POL"]
[SourceTitle "CB26_2025"]
[SourceDate "2025.06.25"]
[SourceVersion "1"]
[SourceVersionDate "2025.06.25"]
[SourceQuality "1"]
[WhiteTeam "Czestochowa Hetman"]
[BlackTeam "Poznan Lech"]
[WhiteTeamCountry "POL"]
[BlackTeamCountry "POL"]

1. d4 d6 2. Nf3 g6 3. b3 Bg7 4. Bb2 Nf6 5. Nbd2 0-0 6. e3 Nbd7 7. Bd3 Re8 8. 0-0 c6 9. c4 e5 10. dxe5 dxe5 11. Bc2 Qc7 12. Qe2 Nf8 13. h3 N6d7 14. Rab1 Ne6 15. b4 f5 16. c5 e4 17. Nd4 Nxd4 18. Bxd4 Ne5 19. Bb3+ Be6 20. Bxe6+ Rxe6 21. Bxe5 Qxe5 22. Nc4 Qf6 23. Rfd1 Re7 24. Rd2 Rf8 25. Nd6 g5 26. b5 Qg6 27. bxc6 bxc6 28. Qa6 f4 29. Qxc6 f3 30. Qd5+ Kh8 31. g3 Re5 32. Qc4 Qh5 33. Qf1 Rxc5 34. Nxe4 Rc6 35. Rd7 Qg6 36. Rbb7 Rfc8 37. Qd3 Rc1+ 38. Kh2 Qh5 39. Rd8+ Bf8 40. Qd4+ 1-0

[Event "POL-chT U20 1st League"]
[Site "Chotowa"]
[Date "2025.06.16"]
[Round "3.10"]
[White "Bilochenko, Matvii"]
[Black "Chmiel, Krzysztof"]
[Result "1-0"]
[WhiteElo "2004"]
[BlackElo "1710"]
[PlyCount "117"]
[EventDate "2025.06.14"]
[EventType "team-swiss"]
[EventRounds "9"]
[EventCountry "POL"]
[SourceTitle "CB26_2025"]
[SourceDate "2025.06.25"]
[SourceVersion "1"]
[SourceVersionDate "2025.06.25"]
[SourceQuality "1"]
[WhiteTeam "Poznan Lech"]
[BlackTeam "Wieliczka MOS"]
[WhiteTeamCountry "POL"]
[BlackTeamCountry "POL"]

1. e4 e5 2. Nf3 Nf6 3. Nxe5 d6 4. Nf3 Nxe4 5. c4 Be7 6. d4 0-0 7. Bd3 d5 8. 0-0 c6 9. Qc2 f5 10. Nc3 Be6 11. Qb3 Nxc3 12. bxc3 dxc4 13. Bxc4 Bxc4 14. Qxc4+ Qd5 15. Qxd5+ cxd5 16. Rb1 b6 17. Rb5 Rd8 18. Re1 Bf6 19. Ne5 Na6 20. Bd2 Rac8 21. Rb3 Rc7 22. Kf1 Nb8 23. Rb5 Nc6 24. Nxc6 Rxc6 25. Reb1 Rd7 26. a4 Bd8 27. Ke2 Rc4 28. R5b4 Rc6 29. Kd3 Bc7 30. a5 Rg6 31. axb6 Bxb6 32. g3 Re6 33. Bf4 Rd8 34. Rb5 h6 35. Be5 Kf7 36. f4 Rc6 37. Rc1 g5 38. c4 dxc4+ 39. Rxc4 Rxc4 40. Kxc4 Rc8+ 41. Kd3 Rc1 42. Rd5 Rh1 43. Rd7+ Ke8 44. Rh7 gxf4 45. gxf4 Rxh2 46. Kc4 Kd8 47. Kd5 Kc8 48. Ke6 Rg2 49. d5 Rg8 50. d6 Re8+ 51. Re7 Rd8 52. Kd5 Rd7 53. Kc6 Rd8 54. d7+ Rxd7 55. Rxd7 h5 56. Bf6 Ba5 57. Rh7 h4 58. Rh8+ Bd8 59. Rxd8# 1-0

[Event "POL-chT U20 1st League"]
[Site "Chotowa"]
[Date "2025.06.15"]
[Round "2.16"]
[White "Czachurski, Ignacy"]
[Black "Bilochenko, Matvii"]
[Result "0-1"]
[WhiteElo "1645"]
[BlackElo "2004"]
[PlyCount "122"]
[EventDate "2025.06.14"]
[EventType "team-swiss"]
[EventRounds "9"]
[EventCountry "POL"]
[SourceTitle "CB26_2025"]
[SourceDate "2025.06.25"]
[SourceVersion "1"]
[SourceVersionDate "2025.06.25"]
[SourceQuality "1"]
[WhiteTeam "Bialystok Stoczek II"]
[BlackTeam "Poznan Lech"]
[WhiteTeamCountry "POL"]
[BlackTeamCountry "POL"]

1. e4 e6 2. d4 d5 3. Nc3 Bb4 4. e5 c5 5. a3 Bxc3+ 6. bxc3 Ne7 7. Qg4 cxd4 8. Bd3 Qc7 9. Ne2 dxc3 10. Qxg7 Rg8 11. Qxh7 Nbc6 12. f4 Bd7 13. 0-0 0-0-0 14. Qxf7 Rdf8 15. Qh5 d4 16. a4 Rh8 17. Qg4 Nd5 18. Be4 Rhg8 19. Qh3 Rh8 20. Qg4 Rfg8 21. Qf3 Ndb4 22. Rd1 Be8 23. Ng3 Qe7 24. Ba3 a5 25. Bxb4 axb4 26. Qf2 Qh4 27. Nf1 Qh6 28. a5 Qh4 29. a6 Qxf2+ 30. Kxf2 bxa6 31. Rxa6 Kb7 32. Rda1 Kc7 33. g3 Bd7 34. Bf3 Rb8 35. Rb1 Ra8 36. Rxa8 Rxa8 37. Bxc6 Kxc6 38. Rxb4 Kc5 39. Rb7 Bc6 40. Rb1 Ra2 41. Rc1 Be4 42. Ne3 dxe3+ 43. Kxe3 Bxc2 44. g4 Kc4 45. f5 exf5 46. e6 Bd3 47. g5 Re2+ 48. Kf4 Re4+ 49. Kf3 Rxe6 50. h4 c2 51. h5 Kc3 52. h6 f4 53. Kxf4 Kb2 54. Rxc2+ Kxc2 55. Kg4 Bg6 56. h7 Bxh7 57. Kh5 Kd3 58. Kg4 Ke4 59. Kh5 Kf4 60. Kh4 Re2 61. g6 Rh2# 0-1

[Event "EU Union-ch U12"]
[Site "Roznov pod Radhostem"]
[Date "2024.08.10"]
[Round "6"]
[White "Petroff, Vlad"]
[Black "Bilochenko, Matvii"]
[Result "1/2-1/2"]
[WhiteElo "1997"]
[BlackElo "1800"]
[PlyCount "70"]
[EventDate "2024.08.05"]
[EventType "swiss"]
[EventRounds "9"]
[EventCountry "CZE"]
[SourceTitle "EXT 2025"]
[Source "ChessBase"]
[SourceDate "2024.10.14"]
[SourceVersion "1"]
[SourceVersionDate "2024.10.14"]
[SourceQuality "1"]

1. d4 Nf6 2. Nf3 g6 3. Nbd2 d5 4. e3 Bg7 5. b4 0-0 6. c4 c6 7. a4 Bg4 8. Be2 Nbd7 9. 0-0 Bxf3 10. Bxf3 e5 11. Bb2 e4 12. Be2 Re8 13. Qb3 h5 14. b5 Nf8 15. cxd5 cxd5 16. Rfc1 Ne6 17. Rc3 Qd7 18. Rac1 Rec8 19. Ba3 g5 20. Qc2 Rxc3 21. Qxc3 h4 22. Nb3 b6 23. Qc6 Qxc6 24. Rxc6 Bf8 25. Bxf8 Kxf8 26. Nc1 Ke7 27. Na2 Nd8 28. Rc7+ Kd6 29. Rc1 Ng8 30. Nb4 Ne7 31. g4 Rc8 32. Rxc8 Nxc8 33. h3 Ne7 34. Kg2 Nb7 35. Na2 Na5 1/2-1/2

[Event "POL-ch Blitz U18"]
[Site "Bydgoszcz"]
[Date "2023.08.31"]
[Round "10"]
[White "Bilochenko, Matvii"]
[Black "Ejsymont, Eryk"]
[Result "1-0"]
[WhiteElo "1484"]
[BlackElo "1381"]
[PlyCount "56"]
[EventDate "2023.08.28"]
[EventType "swiss"]
[EventRounds "10"]
[EventCountry "POL"]
[SourceTitle "CBM 216 Extra"]
[Source "ChessBase"]
[SourceDate "2023.11.30"]
[SourceVersion "1"]
[SourceVersionDate "2023.11.30"]
[SourceQuality "1"]

1. d4 Nf6 2. Nf3 g6 3. g3 Bg7 4. Bg2 d6 5. 0-0 0-0 6. c4 Nc6 7. Nc3 e5 8. e4 Nd7 9. d5 Ne7 10. Be3 f5 11. Ng5 Nc5 12. Bxc5 dxc5 13. Ne6 Bxe6 14. dxe6 Qxd1 15. Raxd1 Rad8 16. Nd5 Nxd5 17. exd5 Rfe8 18. a3 e4 19. b4 Bb2 20. bxc5 Bxa3 21. Rb1 Bxc5 22. Rxb7 c6 23. dxc6 Rxe6 24. c7 Rc8 25. Rd1 Ree8 26. Rd5 Bb6 27. Rd7 Kh8 28. Bf1 Kg8 1-0

[Event "POL-ch Blitz U18"]
[Site "Bydgoszcz"]
[Date "2023.08.31"]
[Round "2"]
[White "Bilochenko, Matvii"]
[Black "Grandys, Antoni"]
[Result "1-0"]
[WhiteElo "1484"]
[BlackElo "1156"]
[PlyCount "45"]
[EventDate "2023.08.28"]
[EventType "swiss"]
[EventRounds "10"]
[EventCountry "POL"]
[SourceTitle "CBM 216 Extra"]
[Source "ChessBase"]
[SourceDate "2023.11.30"]
[SourceVersion "1"]
[SourceVersionDate "2023.11.30"]
[SourceQuality "1"]

1. d4 Nf6 2. Nf3 d6 3. c4 Nbd7 4. Nc3 e5 5. g3 Be7 6. e4 0-0 7. Bg2 c6 8. 0-0 Re8 9. Re1 Qc7 10. h3 a6 11. a4 b5 12. axb5 cxb5 13. cxb5 Nb6 14. Qb3 Bb7 15. d5 Rec8 16. Be3 Nfd7 17. Rac1 Nc5 18. Bxc5 dxc5 19. Bf1 Qd6 20. Nd2 Rc7 21. Nc4 Qd7 22. Nxb6 Qc8 23. Nxc8 1-0

[Event "POL-ch Blitz U18"]
[Site "Bydgoszcz"]
[Date "2023.08.31"]
[Round "4"]
[White "Bilochenko, Matvii"]
[Black "Zajadlak, Milosz"]
[Result "1/2-1/2"]
[WhiteElo "1484"]
[BlackElo "1268"]
[PlyCount "86"]
[EventDate "2023.08.28"]
[EventType "swiss"]
[EventRounds "10"]
[EventCountry "POL"]
[SourceTitle "CBM 216 Extra"]
[Source "ChessBase"]
[SourceDate "2023.11.30"]
[SourceVersion "1"]
[SourceVersionDate "2023.11.30"]
[SourceQuality "1"]

1. e4 c5 2. Nf3 e6 3. d4 cxd4 4. Nxd4 Nc6 5. Nc3 Qc7 6. Be3 a6 7. a4 Nf6 8. Bd3 Bb4 9. 0-0 0-0 10. Qd2 Ne5 11. h3 Nxd3 12. Qxd3 Bxc3 13. bxc3 d5 14. exd5 Nxd5 15. c4 Nf6 16. Rfe1 Bd7 17. Rad1 Bc6 18. Nxc6 Qxc6 19. Bd4 Rad8 20. Qc3 Ne8 21. Qg3 f6 22. Qb3 Kh8 23. c5 e5 24. Be3 Nc7 25. Qb6 Qxb6 26. cxb6 Nd5 27. Bc5 Rfe8 28. c4 Nf4 29. Kh2 Nd3 30. Re3 Nxc5 31. Rxd8 Rxd8 32. Rc3 Nxa4 33. Rb3 Rd6 34. Kg3 Rxb6 35. Rxb6 Nxb6 36. c5 Nd7 37. Kf3 Nxc5 38. Ke2 a5 39. Kd2 a4 40. Kc2 b5 41. Kc3 a3 42. Kc2 b4 43. Kb1 b3 1/2-1/2

[Event "POL-ch Rapid U18"]
[Site "Bydgoszcz"]
[Date "2023.08.29"]
[Round "6"]
[White "Brzezina, Pawel"]
[Black "Bilochenko, Matvii"]
[Result "1/2-1/2"]
[WhiteElo "1492"]
[BlackElo "1587"]
[PlyCount "63"]
[EventDate "2023.08.28"]
[EventType "swiss"]
[EventRounds "11"]
[EventCountry "POL"]
[SourceTitle "CBM 216 Extra"]
[Source "ChessBase"]
[SourceDate "2023.11.30"]
[SourceVersion "1"]
[SourceVersionDate "2023.11.30"]
[SourceQuality "1"]

1. d4 Nf6 2. c4 c5 3. d5 b5 4. cxb5 a6 5. e3 d6 6. bxa6 Bxa6 7. Bxa6 Nxa6 8. Nc3 g6 9. Nge2 Bg7 10. 0-0 0-0 11. e4 Rb8 12. Rb1 Nd7 13. Bf4 Ne5 14. Bxe5 Bxe5 15. f4 Bg7 16. Kh1 Nc7 17. Qd3 Qd7 18. a3 Nb5 19. Nxb5 Qxb5 20. Qxb5 Rxb5 21. b4 Rfb8 22. h3 cxb4 23. Rxb4 Rxb4 24. axb4 Rxb4 25. Ng3 h5 26. Re1 Bd4 27. Kh2 Rb3 28. Nf1 Bg7 29. Re3 Rb1 30. Nd2 Rb2 31. Nf3 Bh6 32. Kg3 1/2-1/2

[Event "POL-ch U10"]
[Site "Sielpia"]
[Date "2023.03.04"]
[Round "1"]
[White "Bilochenko, Matvii"]
[Black "Owczarek, Maciej"]
[Result "1-0"]
[WhiteElo "1384"]
[BlackElo "1030"]
[PlyCount "59"]
[EventDate "2023.03.04"]
[EventType "swiss"]
[EventRounds "9"]
[EventCountry "POL"]
[SourceTitle "EXT 2024"]
[Source "ChessBase"]
[SourceDate "2023.10.10"]
[SourceVersion "1"]
[SourceVersionDate "2023.10.10"]
[SourceQuality "1"]
[WhiteTeam "Poland"]
[BlackTeam "Poland"]
[WhiteTeamCountry "POL"]
[BlackTeamCountry "POL"]

1. d4 d5 2. c4 e6 3. Nc3 c6 4. cxd5 exd5 5. Bf4 Bb4 6. e3 Nf6 7. Bd3 Be6 8. Nge2 0-0 9. 0-0 Re8 10. f3 Qb6 11. a3 Bxc3 12. bxc3 Qd8 13. Qc2 h6 14. e4 dxe4 15. fxe4 Bg4 16. Rae1 Nbd7 17. h3 Bxe2 18. Rxe2 Nb6 19. Bg3 Qd7 20. Ref2 Rf8 21. Rxf6 gxf6 22. Qd2 Kg7 23. Bh4 f5 24. e5 Nd5 25. Bxf5 Qc7 26. c4 Rh8 27. cxd5 cxd5 28. Bf6+ Kg8 29. Bxh8 Kxh8 30. Qxh6+ 1-0